Caamaño frente a la O.E.A. : (Registro nro. 8066)

Detalles MARC
000 -LIDER
fixed length control field 01294nam a2200301 a 4500
001 - NÚMERO DE CONTROL
Identificador de número de control 000006460
003 - IDENTIFICACDOR DE NÚMERO DE CONTROL
control field DO-SdBNP
005 - DATE AND TIME OF LATEST TRANSACTION
control field 20221115113515.0
007 - CAMPOS FIJOS DE DESCRIPCIÓN FÍSICA
fixed length control field 000006460
008 - ELEMENTOS DE LONGITUD FIJA
fixed length control field 090831s2007 dr c 001 0 spa d
020 ## - ISBN
International Standard Book Number 9789945161083
040 ## - FUENTE DE CATALOGACIÓN
Agencia que crea de manera original el registro BPMSU
Idioma de catalogación spa
Agencia que realiza la transcripción BPMSU
082 ## - NÚMERO DE CLASIFICACIÓN DECIMAL DE DEWEY
Classification number 972.93054
Item number C111f, 2007
245 00 - MENCIÓN DE TITULO
Título Caamaño frente a la O.E.A. :
Subtítulo actas de las reuniones del gobierno constitucional que encabezó el presidente constitucional Francisco Alberto Caamaño Deñó, con la Comisión de la O.E.A. y otros documentos relativos a la Guerra Patria de Abril 1965
250 ## - MENCIÓN DE EDICION
Mención de edición 2a ed.
260 ## - PUBLICACIÓN, DISTRIBUCIÓN, ETC. (PIE DE IMPRENTA)
Lugar de publicación, distribución, etc Santo Domingo :
Nombre del editor, distribuidor, etc. Comisión Permanente de Efemérides Patrias,
Fecha de publicación, distribución, etc 2007.
300 ## - DESCRIPCIÓN FÍSICA
Extensión 326 p. :
Otros detalles físicos retrs. ;
Dimensiones 23 cm.
490 0# - MENCIÓN DE SERIES
Mención de serie Publicaciones de la Comisión Permanente de Efemérides Patrias 2004-2007,
Volume/sequential designation 19
590 ## - NOTA LOCAL
Enlace Inventariado, 2022/VM
600 14 - ENCABEZAMIENTO DE MATERIA--NOMBRE PERSONAL
Nombre personal Caamaño, Deño Francisco Alberto
Fechas asociadas con el nombre 1932-1973
610 2# - ENCABEZAMIENTO DE MATERIA--NOMBRE CORPORATIVO
Nombre corporativo o de jurisdicción Organización de los Estados Americanos
650 #4 - ENCABEZAMIENTO DE MATERIA--TEMÁTICO
Término temático o nombre geográfico como elemento de entrada Guerrillas
Subdivisión geográfica República Dominicana
651 #4 - ENCABEZAMIENTO DE MATERIA--NOMBRE GEOGRÁFICO
Nombre geográfico República Dominicana
Subdivisión temática general Historia
Subdivisión cronológica Ocupación Norteamericana , 1965-1966
651 #4 - ENCABEZAMIENTO DE MATERIA--NOMBRE GEOGRÁFICO
Nombre geográfico República Dominicana
Subdivisión temática general Historia
Subdivisión cronológica Revolución, 1965
700 1# - ASIENTO SECUNDARIO -- NOMBRE PERSONAL
Nombre personal Cury, Jottin,
Fechas asociadas con el nombre 1921-2011
Mención de responsabilidad pról.
910 ## - VALIDACIÓN
Validación VMateo V. /Validado
942 ## - ADDED ENTRY ELEMENTS (KOHA)
Source of classification or shelving scheme Dewey Decimal Classification
Koha item type Libros
Existencias
Withdrawn status Lost status Source of classification or shelving scheme Damaged status Not for loan Collection code Home library Current library Date acquired Source of acquisition Total Checkouts Full call number Barcode Date last seen Price effective from Koha item type Copy number
    Dewey Decimal Classification     Colección Dominicana Biblioteca Pública Metropolitana Salomé Ureña Biblioteca Pública Metropolitana Salomé Ureña 08/05/2015 Canje   BPMSU CD 972.93054 C111f 2007 BPMSU15080044 08/05/2015 08/05/2015 Libros  
    Dewey Decimal Classification     Colección Dominicana Biblioteca Pública Metropolitana Salomé Ureña Biblioteca Pública Metropolitana Salomé Ureña 08/05/2015 Canje   BPMSU CD 972.93054 C111f 2007 BPMSU22010039 01/18/2022 08/05/2015 Libros e.2
    Dewey Decimal Classification     Colección Dominicana Biblioteca Pública Metropolitana Salomé Ureña Biblioteca Pública Metropolitana Salomé Ureña 08/05/2015   BPMSU CD 972.93054 C111f 2007 BPMSU22110014 11/15/2022 08/05/2015 Libros e.3